1192 1286 1418 1184 1054 1255 1317 1746 1527 1006 1436 1993 1533 1080 1580 1249 1925 1920 1410 1724 1869 1558 1062 1181 1691 1922 1166 1352 1910 1930 1826 1260 1715 1091 1283 1590 1795 1338 1452 1445 1708 1271 1282 1574 1054 1680 1683 1630 1119 1522 1536 1554 1260 1187 1412 1856 1000 1994 1750 1474 1071 1685 1094 1151 1034 1616 1787 1902 1062 1760 1722 1594 1743 1004 1154 1297 1633 1980 1296 1941 1805 1903 1727 1639 1893 1264 1014 1336 1445 1250 1820 1824 1529 1179 1935 1156 1677 1330 1863 BCNSPRNW ULIB Ver.6.0+V

เปลี่ยนเป็นภาษาไทย

Change to English
 แสดงรายละเอียดบรรณานุกรม
  กลับหน้าหลัก

Brief Record : Get Marc (ISO 2709) : E-mail record : QR code < ปิดหน้าต่าง
LEADER : 00000nam 2200000uu 4500
001    13399120029
003     ULIB
008    120822s2555||||th 000 0 tha d
020    ^a9789746522489
060  4 ^aWS290^bบ436ก
100 0  ^aบุญชู ศิริจงกลทอง
245 00 ^aกุมารเวชศาสตร์โรคหัวใจ /^cคณะบรรณาธิการ บุญชู ศิริจงกลทอง
250    ^aพิมพ์ครั้งที่ 1
260    ^aกรุงเทพฯ :^bไอกรุ๊ป เพรส,^c2555
300    ^axv, 662 หน้า :^bภาพประกอบ
650  7 ^aหัวใจ^xโรค^xในวัยทารกและเด็ก
650  7 ^aโรคหัวใจและหลอดเลือด^xในวัยทารกและเด็ก
650  7 ^aเด็ก^xโรคหัวใจ
710 1  ^aชมรมกุมารแพทย์โรคหัวใจแห่งประเทศไทย
945    ^p950^l0^i032515
945    ^p950^l0^i032516
995    ^aเกษร
999 ^a ใช้งานได้ทุกระบบ
รายการนี้ยังไม่มีแท็ก
คุณยังไม่ได้ล็อกอิน คุณสามารถมีกิจกรรมร่วมกับเว็บไซต์ได้ แต่ต้องล็อกอินก่อน ::
  ล็อกอิน

รายการสื่อสารสนเทศ

ลำดับที่ ประเภท เลขเรียก/บาร์โค้ด สถานที่ สถานะ
1. วิทยาศาสตร์การแพทย์ และสุขภาพ
หนังสือสำรอง
สถานะ=หนังสือสำรอง
WS290 บ436ก ฉ.1 
  Barcode: 032515
ห้องสมุดวิทยาเขตสวรรค์ประชารักษ์
►ส่วนจัดเก็บหนังสือเก่า สปร
บนชั้น
  ขอยืม
2. วิทยาศาสตร์การแพทย์ และสุขภาพ
วิทยาศาสตร์การแพทย์ และสุขภาพ
WS290 บ436ก ฉ.2 
  Barcode: 032516
ห้องสมุดวิทยาเขตสวรรค์ประชารักษ์
►ส่วนจัดเก็บหนังสือเก่า สปร
บนชั้น
  ขอยืม

รายการใกล้เคียง
    ผู้แต่ง [บุญชู ศิริจงกลทอง]

BibComment


ยังไม่เคยถูกคอมเมนท์

คอมเมนท์ทรัพยากรรายการนี้
  คอมเมนท์: กุมารเวชศาสตร์โร..


 Copyright 2026. Bcnsprnw @Library